[Event "Championnat de la Loire - Open"]
[Site "Loire"]
[Date "2009.12.19"]
[Round "4.5"]
[White "Buisine, Roman"]
[Black "Chambosse, Alexis"]
[Result "1-0"]
[WhiteElo "1550"]
[BlackElo "1490"]
[PlyCount "77"]
[EventDate "2009.??.??"]

1. e4 e5 2. Nf3 Nc6 3. Bb5 d6 4. Bxc6+ bxc6 5. O-O Nf6 6. Re1 d5 7. exd5 cxd5
8. Nxe5 Be7 9. Nc6 Qd6 10. Nxe7 Be6 11. Nf5 Qf8 12. d3 Kd7 13. Nd4 Bg4 14. f3
Bh5 15. Nc3 Qc5 16. Be3 Rhe8 17. Nf5 d4 18. Nxd4 Re7 19. Nb3 Qc6 20. Nd2 Rae8
21. Nde4 Nd5 22. Nxd5 Qxd5 23. Bf2 Qb5 24. Nc5+ Kc8 25. Rxe7 Rxe7 26. Nb3 g5
27. g4 Bg6 28. Qd2 h5 29. Re1 Rxe1+ 30. Qxe1 hxg4 31. fxg4 Qc6 32. Nd4 Qd7 33.
h3 Qd5 34. Qe8+ Kb7 35. Qb5+ Qxb5 36. Nxb5 f5 37. Nxa7 fxg4 38. hxg4 Bf7 39.
Kg2 1-0

[Event "Championnat de la Loire - Open"]
[Site "Loire"]
[Date "2009.12.19"]
[Round "4.6"]
[White "Volay, Pascal"]
[Black "Martin, Julien"]
[Result "1-0"]
[WhiteElo "1540"]
[BlackElo "1370"]
[PlyCount "55"]
[EventDate "2009.??.??"]

1. e4 e5 2. Nf3 d6 3. d4 exd4 4. Nxd4 Be7 5. Nc3 Nf6 6. Bd3 Bd7 7. O-O Nc6 8.
Nxc6 Bxc6 9. Re1 Qd7 10. h3 O-O 11. Qe2 a6 12. Bf4 b5 13. a3 Qe6 14. e5 dxe5
15. Qxe5 Qxe5 16. Bxe5 Bd8 17. Ne4 Nxe4 18. Bxe4 Bxe4 19. Rxe4 f6 20. Bg3 c5
21. Bd6 Bb6 22. Bxf8 Rxf8 23. Rae1 Bc7 24. Re8 Rxe8 25. Rxe8+ Kf7 26. Re5 Bxe5
27. c3 Ke6 28. f4 1-0

[Event "Championnat de la Loire - Open"]
[Site "Loire"]
[Date "2009.12.19"]
[Round "4.7"]
[White "Doran, Niall"]
[Black "Febvret, Olivier"]
[Result "1-0"]
[WhiteElo "1470"]
[BlackElo "1499"]
[PlyCount "85"]
[EventDate "2009.??.??"]

1. e4 e5 2. Nf3 Nc6 3. Bb5 a6 4. Ba4 Nf6 5. O-O Bc5 6. Re1 d6 7. h3 O-O 8. c3
Bd7 9. d3 h6 10. Nbd2 b5 11. Bb3 Nh7 12. Nf1 Qf6 13. Ne3 Be6 14. Nd5 Qd8 15.
Be3 Bxe3 16. Nxe3 Bxb3 17. Qxb3 Ne7 18. Nh2 Kh8 19. Rf1 f5 20. exf5 Nxf5 21.
Nhg4 Nxe3 22. fxe3 Nf6 23. Nxf6 Rxf6 24. Rxf6 gxf6 25. Qf7 Rc8 26. Rf1 Qf8 27.
Qe6 Re8 28. Rxf6 Rxe6 29. Rxf8+ Kg7 30. Rc8 d5 31. Rxc7+ Kg6 32. Rc8 e4 33. d4
Rd6 34. Rg8+ Kf7 35. Rg4 Kf6 36. Rf4+ Kg6 37. Kf2 Rc6 38. Ke2 b4 39. Rg4+ Kf5
40. Kd2 Kf6 41. Rg8 Rb6 42. Rh8 Kg7 43. Rd8 1-0

[Event "Championnat de la Loire - Open"]
[Site "Loire"]
[Date "2009.12.19"]
[Round "4.8"]
[White "Swietlicki, Jordan"]
[Black "Andre, Gregory"]
[Result "0-1"]
[WhiteElo "1310"]
[BlackElo "1499"]
[PlyCount "102"]
[EventDate "2009.??.??"]

1. e4 Nf6 2. d3 e5 3. Be3 d5 4. Nf3 Bg4 5. Be2 Nc6 6. O-O dxe4 7. dxe4 Nxe4 8.
Nbd2 Nf6 9. h3 Bh5 10. c4 Be7 11. a3 a5 12. b3 O-O 13. Nxe5 Nxe5 14. Bxh5 Re8
15. Be2 b6 16. f4 Ng6 17. Bf3 Rb8 18. Qc2 Bd6 19. f5 Rxe3 20. fxg6 hxg6 21. Ne4
Nxe4 22. Bxe4 Bc5 23. Kh1 Qh4 24. Bf3 Qg3 25. Qf2 Qxf2 26. Rxf2 Rxb3 27. Rff1
Rxa3 28. Rxa3 Bxa3 29. Bd5 Rf8 30. Rf4 Bd6 31. Rg4 Re8 32. g3 Kf8 33. Kg2 a4
34. Bc6 Re5 35. Bxa4 Rc5 36. Bb5 c6 37. Ba6 b5 38. Rd4 Be7 39. Re4 Rxc4 40.
Rxc4 bxc4 41. Bxc4 Bd6 42. Kf3 Ke7 43. Ke4 Bxg3 44. Bd3 c5 45. Kd5 Bf2 46. Bc2
Kf6 47. Ke4 Kg5 48. Kf3 Bd4 49. Kg3 Be5+ 50. Kg2 Kh4 51. Bd3 g5 0-1

[Event "Championnat de la Loire - Open"]
[Site "Loire"]
[Date "2009.12.19"]
[Round "4.9"]
[White "Richard, Nicolas"]
[Black "Chabas, Jean-Luc"]
[Result "0-1"]
[WhiteElo "1199"]
[BlackElo "1580"]
[PlyCount "40"]
[EventDate "2009.??.??"]

1. e4 c6 2. Nf3 d5 3. Bd3 dxe4 4. Bxe4 Nf6 5. Nc3 Bg4 6. h3 Bh5 7. d3 e6 8. Be3
Nbd7 9. g4 Bg6 10. Qe2 Nxe4 11. dxe4 Qa5 12. O-O-O Bb4 13. Qd3 O-O-O 14. a3
Bxa3 15. bxa3 Qxa3+ 16. Kb1 Qb4+ 17. Kc1 Ne5 18. Qe2 Nxf3 19. Qxf3 Qxc3 20. Qe2
Qa1# 0-1

[Event "Championnat de la Loire - Open"]
[Site "Loire"]
[Date "2009.12.19"]
[Round "4.10"]
[White "Trottet, Francois"]
[Black "Boeuf, Jeremy"]
[Result "1-0"]
[WhiteElo "1440"]
[BlackElo "1499"]
[PlyCount "69"]
[EventDate "2009.??.??"]

1. e4 c6 2. d4 d5 3. Nc3 dxe4 4. Nxe4 Bf5 5. Ng3 Bg6 6. Nf3 h6 7. h4 e6 8. Bd3
Bxd3 9. Qxd3 Nf6 10. Bf4 Bd6 11. Ne5 Nd5 12. Qf3 Nxf4 13. Qxf4 f6 14. Qg4 Bxe5
15. Qxg7 Rf8 16. dxe5 fxe5 17. Rd1 Nd7 18. Qg6+ Ke7 19. Qxh6 Qb6 20. Qd2 Rad8
21. Qg5+ Ke8 22. O-O Qxb2 23. Ne4 Qb4 24. Nd6+ Qxd6 25. Rxd6 Rf6 26. Qg8+ Nf8
27. Rfd1 Rxd6 28. Rxd6 Rg6 29. Qh8 Ke7 30. Qxe5 Nd7 31. Qd4 e5 32. Rxd7+ Ke8
33. Rd8+ Ke7 34. Qd7+ Kf6 35. Rf8# 1-0

[Event "Championnat de la Loire - Open"]
[Site "Loire"]
[Date "2009.12.19"]
[Round "4.11"]
[White "Ducoulombier, Bertrand"]
[Black "Daillere, Roland"]
[Result "0-1"]
[WhiteElo "1499"]
[BlackElo "1360"]
[PlyCount "44"]
[EventDate "2009.??.??"]

1. e4 d5 2. exd5 Qxd5 3. Nc3 Qa5 4. d4 Nf6 5. Nf3 Bg4 6. h3 Bh5 7. Bc4 Nc6 8.
Bg5 O-O-O 9. O-O Bxf3 10. Qxf3 Qxg5 11. Bxf7 Nxd4 12. Qd3 e5 13. Ne4 Nxe4 14.
Qxe4 Bd6 15. c3 Nc6 16. Bd5 Rhf8 17. b4 Rf4 18. Qe3 Kb8 19. Qe2 Bxb4 20. cxb4
Rxd5 21. g3 Nd4 22. Qc4 Nf3+ 0-1

[Event "Championnat de la Loire - Open"]
[Site "Loire"]
[Date "2009.12.19"]
[Round "4.12"]
[White "Allabrune, Guillaume"]
[Black "Liogier, Pascal"]
[Result "0-1"]
[WhiteElo "1480"]
[BlackElo "1330"]
[PlyCount "69"]
[EventDate "2009.??.??"]

1. e4 e5 2. Nf3 Nc6 3. Bc4 Nf6 4. Ng5 d5 5. exd5 Nxd5 6. Nxf7 Kxf7 7. Qf3+ Ke6
8. Nc3 Nd4 9. Bxd5+ Kd6 10. O-O Nxf3+ 11. Bxf3 c6 12. d4 Qf6 13. Ne4+ Ke6 14.
Nxf6 Kxf6 15. dxe5+ Kxe5 16. Re1+ Kf6 17. h4 Bc5 18. Bg5+ Kf7 19. Rad1 Bf5 20.
Bd5+ cxd5 21. Rxd5 Bxf2+ 22. Kxf2 Bxc2 23. Re7+ Kg6 24. g4 h6 25. h5+ Kh7 26.
Rdd7 hxg5 27. Rxg7+ Kh6 28. Rgf7 Rhg8 29. Rh7+ Bxh7 30. Rd6+ Kg7 31. h6+ Kh8
32. Ke3 Rae8+ 33. Kd4 Rg6 34. Rd7 Rxh6 35. Rxb7 0-1

[Event "Championnat de la Loire - Open"]
[Site "Loire"]
[Date "2009.12.19"]
[Round "4.13"]
[White "Brachet, Gerard"]
[Black "Bader, Gaetan"]
[Result "1-0"]
[WhiteElo "1450"]
[BlackElo "1220"]
[PlyCount "45"]
[EventDate "2009.??.??"]

1. d4 d5 2. Nf3 Nc6 3. e3 Nf6 4. c4 e6 5. Nc3 Bb4 6. Bd2 O-O 7. c5 b6 8. Bb5
Bb7 9. a3 Bxc3 10. Bxc3 a6 11. Bd3 bxc5 12. dxc5 Rb8 13. Ng5 Re8 14. Qc2 g6 15.
h4 Ne7 16. Bxf6 Qd7 17. h5 Rf8 18. Nxh7 Kxh7 19. hxg6+ Kg8 20. g7 Ng6 21. Bxg6
fxg6 22. Qxg6 Rxf6 23. Rh8# 1-0

[Event "Championnat de la Loire - Open"]
[Site "Loire"]
[Date "2009.12.19"]
[Round "4.14"]
[White "Joly, Christian"]
[Black "Victoria, Philippe"]
[Result "1-0"]
[WhiteElo "1440"]
[BlackElo "1050"]
[PlyCount "67"]
[EventDate "2009.??.??"]

1. e4 e5 2. Nf3 d6 3. d4 Be7 4. Bc4 c5 5. dxe5 dxe5 6. Qxd8+ Bxd8 7. Nxe5 Nf6
8. Nxf7 Rf8 9. Nd6+ Kd7 10. Nxc8 Kxc8 11. Nc3 Re8 12. f3 Nc6 13. Be3 b6 14. Bb5
Kb7 15. O-O-O a6 16. Bc4 b5 17. Bd5 Bb6 18. Bf4 Rad8 19. Rhe1 Nh5 20. Bg5 Rd7
21. Bxc6+ Kxc6 22. Rxd7 Kxd7 23. Rd1+ Kc8 24. Nd5 Re6 25. Nxb6+ Rxb6 26. Rd8+
Kb7 27. g4 Rg6 28. h4 h6 29. gxh5 Re6 30. Bf4 b4 31. Rd7+ Kc6 32. Rxg7 c4 33.
Rg6 Rxg6 34. hxg6 1-0

[Event "Championnat de la Loire - Open"]
[Site "Loire"]
[Date "2009.12.19"]
[Round "4.15"]
[White "Mialon, Franck"]
[Black "Laffin, Mickael"]
[Result "1-0"]
[WhiteElo "1370"]
[BlackElo "1199"]
[PlyCount "25"]
[EventDate "2009.??.??"]

1. e4 e5 2. Nf3 Nc6 3. Bc4 Nf6 4. Ng5 Bc5 5. O-O O-O 6. c3 a6 7. d4 exd4 8.
cxd4 Bxd4 9. Nc3 Nb4 10. Qxd4 Nc2 11. Qd3 Nxa1 12. e5 Ng4 13. Qxh7# 1-0

[Event "Championnat de la Loire - Open"]
[Site "Aurec"]
[Date "2010.01.16"]
[Round "5.1"]
[White "Desassis, Maxence"]
[Black "Bednar, Emile"]
[Result "0-1"]
[WhiteElo "1750"]
[BlackElo "1860"]
[PlyCount "76"]
[EventDate "2010.??.??"]

1. d4 Nf6 2. Nf3 g6 3. Bg5 Bg7 4. e3 d5 5. Bd3 Nbd7 6. O-O O-O 7. Nbd2 c5 8. c3
Qc7 9. b3 a6 10. Bf4 Qa5 11. Qc2 Nh5 12. Be5 Nxe5 13. Nxe5 Qc7 14. f4 cxd4 15.
exd4 f5 16. c4 Qb6 17. Qc3 Be6 18. c5 Qc7 19. Qb4 Rac8 20. g3 Nf6 21. Rac1 Ne4
22. Nxe4 fxe4 23. Be2 Bh3 24. Rfd1 h5 25. Nxg6 h4 26. Nxf8 hxg3 27. Ne6 Bxe6
28. hxg3 Qd7 29. c6 bxc6 30. Bxa6 Rf8 31. Qb7 Qe8 32. Rxc6 Qg6 33. Kf2 e3+ 34.
Kxe3 Qe4+ 35. Kd2 Qxd4+ 36. Bd3 Bf5 37. Ke2 Bg4+ 38. Kd2 Qf2+ 0-1

[Event "Championnat de la Loire - Open"]
[Site "Aurec"]
[Date "2010.01.16"]
[Round "5.2"]
[White "Simon, Joel"]
[Black "Buisine, Roman"]
[Result "0-1"]
[WhiteElo "1610"]
[BlackElo "1720"]
[PlyCount "65"]
[EventDate "2010.??.??"]

1. d4 Nf6 2. Nc3 e6 3. e4 Bb4 4. e5 Nd5 5. Qg4 Nxc3 6. Qxg7 Rf8 7. a3 Ba5 8. b4
Bxb4 9. axb4 Qe7 10. b5 d6 11. Qxh7 f6 12. Qh5+ Qf7 13. Qxf7+ Rxf7 14. Bd3 f5
15. Nf3 Bd7 16. Bd2 Nxb5 17. Rb1 a6 18. c4 Na7 19. Rxb7 Bc6 20. Rb1 Bxf3 21.
gxf3 Nac6 22. Rg1 Nxd4 23. Rg8+ Rf8 24. Rxf8+ Kxf8 25. Be2 $11 dxe5 26. Bc3
Nbc6 27. Rb7 Ra7 28. Rb2 a5 29. c5 a4 30. Bb5 Nxb5 31. Rxb5 a3 32. Rb1 a2 33.
Ra1 0-1

[Event "Championnat de la Loire - Open"]
[Site "Aurec"]
[Date "2010.01.16"]
[Round "5.3"]
[White "Volay, Pascal"]
[Black "Mazet, Christian"]
[Result "1/2-1/2"]
[WhiteElo "1560"]
[BlackElo "1620"]
[PlyCount "109"]
[EventDate "2010.??.??"]

1. e4 c5 2. Nf3 e6 3. Nc3 Nc6 4. d3 d6 5. Be2 Nf6 6. O-O Be7 7. a3 b6 8. Rb1
O-O 9. Bd2 h6 10. Na2 b5 11. b4 Bd7 12. c3 d5 13. e5 Nh7 14. d4 c4 15. Qc2 a5
16. Ra1 Ng5 17. Nxg5 Bxg5 18. Qc1 Bxd2 19. Qxd2 axb4 20. axb4 Ra3 21. Rfb1 Qb6
22. Qb2 Rfa8 23. Nc1 Qa7 24. Rxa3 Qxa3 25. g3 Qxb2 26. Rxb2 Ra1 27. Rc2 Be8 28.
Bh5 g6 29. Bf3 Kg7 30. Kg2 f5 31. exf6+ Kxf6 32. h4 g5 33. hxg5+ hxg5 34. Ne2
Bg6 35. Rc1 Ra2 36. g4 Bd3 37. Ng1 Ne7 38. Nh3 Ng6 39. Kg3 Nh4 40. Ng1 Ng6 41.
Nh3 Nh4 42. Ng1 Ng6 43. Bg2 Nf4 44. Bf3 Ra8 45. Nh3 Ne2+ 46. Bxe2 Bxe2 47. f4
gxf4+ 48. Nxf4 Ra2 49. Nxe2 Rxe2 50. Kf3 Ra2 51. Kg3 Kg7 52. Rf1 Rc2 53. Rf3
Rd2 54. Re3 Rd3 55. Rf3 1/2-1/2

[Event "Championnat de la Loire - Open"]
[Site "Aurec"]
[Date "2010.01.16"]
[Round "5.4"]
[White "Boeuf, Jean-Julien"]
[Black "Moleins, Jean-Pierre"]
[Result "0-1"]
[WhiteElo "1440"]
[BlackElo "1620"]
[PlyCount "91"]
[EventDate "2010.??.??"]

1. e4 b6 2. d4 e6 3. f4 Bb7 4. Bd3 Nf6 5. Qe2 Nc6 6. c3 d5 7. e5 Ne4 8. Bxe4
dxe4 9. Qxe4 Na5 10. Qe2 Qh4+ 11. Qf2 Qxf2+ 12. Kxf2 c5 13. Nf3 cxd4 14. Nxd4
Bc5 15. Be3 Nc4 16. b4 Be7 17. Rg1 Rc8 18. Bc1 Bd5 19. Nd2 f6 20. exf6 Bxf6 21.
Nxc4 Rxc4 22. Bb2 O-O 23. a3 Bxd4+ 24. cxd4 Rc2+ 25. Kg3 Rxb2 26. Kh3 Rxf4 27.
Rac1 Rb3+ 28. g3 Rxa3 29. Rgf1 Rxf1 30. Rxf1 a6 31. Kg4 Rd3 32. Kf4 Rxd4+ 33.
Ke5 Rxb4 34. Rc1 h6 35. Rc8+ Kh7 36. h4 a5 37. h5 b5 38. Kd6 a4 39. Rc7 Rg4 40.
Ra7 Rxg3 41. Kc5 Be4 42. Kb4 Rg5 43. Re7 Rxh5 44. Ka5 a3 45. Rd7 a2 46. Rd1 0-1

[Event "Championnat de la Loire - Open"]
[Site "Aurec"]
[Date "2010.01.16"]
[Round "5.5"]
[White "Chabas, Jean-Luc"]
[Black "Doran, Niall"]
[Result "1/2-1/2"]
[WhiteElo "1570"]
[BlackElo "1480"]
[PlyCount "51"]
[EventDate "2010.??.??"]

1. e4 e5 2. Nf3 Nc6 3. Bb5 a6 4. Ba4 Nf6 5. O-O b5 6. Bb3 Bc5 7. d3 h6 8. c3 d6
9. h3 O-O 10. Re1 Na5 11. Bc2 Bb6 12. b4 Nb7 13. Bb2 Be6 14. d4 exd4 15. cxd4
c6 16. Nbd2 a5 17. a3 Qd7 18. Nf1 Nh5 19. N3h2 Nf4 20. Qf3 g5 21. Ng4 Bxg4 22.
Qxg4 Qxg4 23. hxg4 Ne6 24. d5 cxd5 25. exd5 Nf4 26. Ng3 1/2-1/2

[Event "Championnat de la Loire - Open"]
[Site "Aurec"]
[Date "2010.01.16"]
[Round "5.6"]
[White "Andre, Gregory"]
[Black "Rasle, Jean-Michel"]
[Result "1/2-1/2"]
[WhiteElo "1499"]
[BlackElo "1680"]
[PlyCount "92"]
[EventDate "2010.??.??"]

1. f4 Nf6 2. Nf3 d5 3. e3 c5 4. b3 Nc6 5. Bb5 Bd7 6. Bxc6 Bxc6 7. Bb2 e6 8. d3
Be7 9. O-O O-O 10. Ne5 Bb5 11. c4 Ba6 12. Rf3 dxc4 13. bxc4 Nd7 14. Rh3 Nxe5
15. Qh5 h6 16. Bxe5 Bf6 17. e4 Bxe5 18. Qxe5 Qd4+ 19. Qxd4 cxd4 20. a4 f6 21.
Nd2 e5 22. fxe5 fxe5 23. Nf3 Rfe8 24. Rh5 Rac8 25. Rxe5 Rxe5 26. Nxe5 b6 27.
Nf3 Rd8 28. Kf2 Kf7 29. Kg3 Kf6 30. Re1 Bb7 31. Rf1 Ke6 32. Nh4 Bc6 33. Nf5 Rd7
34. Ra1 Ke5 35. h4 h5 36. Kh3 g6 37. Ng3 Rf7 38. Rc1 Bxa4 39. c5 Bb5 40. cxb6
axb6 41. Rb1 Bd7+ 42. Kh2 b5 43. Kg1 Rf6 44. Rb4 Rf4 45. Ne2 Rxh4 46. Nxd4 Rf4
1/2-1/2

[Event "Championnat de la Loire - Open"]
[Site "Aurec"]
[Date "2010.01.16"]
[Round "5.7"]
[White "Desassis, Jean-Francois"]
[Black "Rogues, Jean-Luc"]
[Result "1/2-1/2"]
[WhiteElo "1540"]
[BlackElo "1420"]
[PlyCount "58"]
[EventDate "2010.??.??"]

1. d4 d5 2. Nc3 Nf6 3. Bf4 c6 4. Nf3 Bf5 5. e3 e6 6. Ne2 Bd6 7. Bg5 Nbd7 8. Ng3
Bg4 9. Be2 Qc7 10. Qd3 Bxg3 11. fxg3 Bf5 12. Qb3 Ne4 13. Bf4 Qb6 14. Qxb6 Nxb6
15. b3 O-O 16. Ne5 Nc3 17. Bd3 Be4 18. O-O f6 19. Ng4 Bxd3 20. cxd3 Ne2+ 21.
Kh1 Nxf4 22. gxf4 Nd7 23. Rae1 h5 24. Nf2 e5 25. dxe5 fxe5 26. Nh3 e4 27. dxe4
dxe4 28. Rb1 Nc5 29. f5 Rf6 {30.Cg6 coup impossible!} 1/2-1/2

[Event "Championnat de la Loire - Open"]
[Site "Aurec"]
[Date "2010.01.16"]
[Round "5.8"]
[White "Febvret, Olivier"]
[Black "Trottet, Francois"]
[Result "0-1"]
[WhiteElo "1499"]
[BlackElo "1430"]
[PlyCount "80"]
[EventDate "2010.??.??"]

1. e4 c5 2. Nf3 Nc6 3. Nc3 e6 4. d4 cxd4 5. Nxd4 a6 6. Nxc6 bxc6 7. Be3 Nf6 8.
Bd3 Bb4 9. Bd2 O-O 10. e5 Nd5 11. Nxd5 Bxd2+ 12. Qxd2 cxd5 13. O-O d6 14. Qf4
dxe5 15. Qxe5 Rb8 16. Qxb8 Qd7 17. Qb6 Bb7 18. Bxa6 Rb8 19. Bxb7 Rxb7 20. Qa5
f5 21. Qa3 Qc7 22. Rfe1 Kf7 23. Qc3 Qe7 24. b3 Rc7 25. Qd3 g5 26. a4 h5 27. h3
Qf6 28. Re2 Qxa1+ 29. Kh2 Qa3 30. Qg3 Qe7 31. Qe3 Rc6 32. g3 Kg6 33. Qd3 Qd6
34. Kg2 e5 35. Rd2 d4 36. f3 Rc3 37. Qe2 Qd5 38. Kf2 e4 39. Qa6+ Rc6 40. Qe2
e3+ 0-1

[Event "Championnat de la Loire - Open"]
[Site "Aurec"]
[Date "2010.01.16"]
[Round "5.9"]
[White "Chambosse, Alexis"]
[Black "Mialon, Franck"]
[Result "0-1"]
[WhiteElo "1490"]
[BlackElo "1350"]
[PlyCount "70"]
[EventDate "2010.??.??"]

1. e4 e5 2. Nf3 Nc6 3. Bc4 Nf6 4. Nc3 Bc5 5. O-O O-O 6. Re1 d6 7. d3 h6 8. a3
Bg4 9. Na4 Nd4 10. Nxc5 dxc5 11. Kf1 Nxf3 12. gxf3 Bh5 13. Be3 b6 14. b4 Qd7
15. Kg2 Rad8 16. bxc5 Qc8 17. Rg1 Nxe4 18. cxb6 cxb6 19. Qc1 Nc3 20. Qd2 Nd5
21. Bxh6 Nf4+ 22. Bxf4 exf4 23. Qxf4 Rd7 24. Kh1 Qb7 25. Rg3 Rfd8 26. c3 Rd6
27. Rag1 Rg6 28. Rxg6 Bxf3+ 29. R6g2 Bxg2+ 30. Rxg2 Re8 31. h4 Re1+ 32. Kh2 Qe7
33. d4 Re4 34. Bxf7+ Kf8 35. Bd5+ Rxf4 0-1

[Event "Championnat de la Loire - Open"]
[Site "Aurec"]
[Date "2010.01.16"]
[Round "5.10"]
[White "Liogier, Pascal"]
[Black "Brachet, Gerard"]
[Result "0-1"]
[WhiteElo "1400"]
[BlackElo "1470"]
[PlyCount "46"]
[EventDate "2010.??.??"]

1. e4 e5 2. Nf3 Nc6 3. Bc4 h6 4. Bb3 Bc5 5. Nxe5 Nxe5 6. d4 Qh4 7. O-O Qxe4 8.
dxc5 Qg6 9. Re1 d6 10. Bf4 Bg4 11. Qd5 O-O-O 12. Bxe5 dxe5 13. Qxe5 Nf6 14. Nc3
Bf3 15. Qg3 Bc6 16. Qxg6 fxg6 17. h3 g5 18. Re7 Nh5 19. Be6+ Kb8 20. Bg4 Nf4
21. g3 h5 22. gxf4 hxg4 23. hxg4 Rh1# 0-1

[Event "Championnat de la Loire - Open"]
[Site "Aurec"]
[Date "2010.01.16"]
[Round "5.11"]
[White "Martin, Julien"]
[Black "Joly, Christian"]
[Result "0-1"]
[WhiteElo "1410"]
[BlackElo "1450"]
[PlyCount "34"]
[EventDate "2010.??.??"]

1. e4 d6 2. d4 Nf6 3. Nc3 g6 4. Nf3 Bg7 5. Be2 c6 6. d5 O-O 7. O-O Qc7 8. Bf4
Nbd7 9. a4 a6 10. b4 Nh5 11. Be3 Bxc3 12. Rb1 Bg7 13. Nd2 Nhf6 14. Nc4 Nxe4 15.
Qd3 cxd5 16. Na3 Ne5 17. Qxd5 Nc3 0-1

[Event "Championnat de la Loire - Open"]
[Site "Aurec"]
[Date "2010.01.16"]
[Round "5.12"]
[White "Daillere, Roland"]
[Black "Richard, Nicolas"]
[Result "1-0"]
[WhiteElo "1340"]
[BlackElo "1199"]
[PlyCount "43"]
[EventDate "2010.??.??"]

1. e4 e5 2. f4 exf4 3. Nf3 Nc6 4. Bc4 Be7 5. O-O Nf6 6. Nc3 Bb4 7. d4 Bxc3 8.
bxc3 Nxe4 9. Re1 d5 10. Bd3 Bf5 11. Ba3 Qd7 12. Rb1 O-O-O 13. Qc1 Nxc3 14. Rb2
Rhe8 15. Bxf5 Qxf5 16. Qd2 Ne4 17. Qd3 Ne7 18. Reb1 b6 19. Ne5 Ng6 20. Qa6+ Kb8
21. Nc6+ Ka8 22. Qxa7# 1-0

[Event "Championnat de la Loire - Open"]
[Site "Aurec"]
[Date "2010.01.16"]
[Round "5.13"]
[White "Boeuf, Jeremy"]
[Black "Rasle, Corentin"]
[Result "0-1"]
[WhiteElo "1499"]
[BlackElo "1380"]
[PlyCount "70"]
[EventDate "2010.??.??"]

1. e4 e6 2. f4 d5 3. exd5 exd5 4. Qe2+ Be7 5. d3 Nf6 6. Nf3 O-O 7. Be3 Re8 8.
Nc3 Bg4 9. O-O-O Nc6 10. g3 Bxf3 11. Qxf3 d4 12. Bd2 dxc3 13. Bxc3 Bd6 14. g4
h6 15. g5 hxg5 16. fxg5 Nh7 17. h4 Be5 18. Bxe5 Rxe5 19. c3 Qd7 20. Bh3 Qd6 21.
Rhf1 Rf8 22. Bf5 a6 23. Rg1 Ne7 24. Be4 b6 25. Rdf1 Ng6 26. h5 Nxg5 27. Rxg5
Rxg5 28. hxg6 fxg6 29. Bd5+ Rxd5 30. Qg2 Rxf1+ 31. Qxf1 Rxd3 32. Qg1 Qf4+ 33.
Kb1 Qf5 34. Ka1 c5 35. Qh1 Qd5 0-1

[Event "Championnat de la Loire - Open"]
[Site "Aurec"]
[Date "2010.01.16"]
[Round "5.14"]
[White "Victoria, Philippe"]
[Black "Ducoulombier, Bertrand"]
[Result "0-1"]
[WhiteElo "1050"]
[BlackElo "1499"]
[PlyCount "124"]
[EventDate "2010.??.??"]

1. d4 Nf6 2. Nf3 g6 3. Nc3 Bg7 4. g3 O-O 5. e4 d6 6. Bg2 Nbd7 7. O-O Re8 8. b4
e5 9. d5 h6 10. b5 Nc5 11. Re1 Nh7 12. Be3 Nd7 13. Qd3 Nb6 14. h3 f5 15. Bxb6
axb6 16. Re3 Nf6 17. Rae1 fxe4 18. Nxe4 Nxe4 19. Rxe4 Bf5 20. Nd2 Bxe4 21. Bxe4
g5 22. Bg6 Rf8 23. c4 Qf6 24. Qf5 Qxf5 25. Bxf5 Rxf5 26. g4 Rf7 27. f3 Rxa2 28.
Rd1 Rf8 29. Kg2 Rfa8 30. Kg3 Ra1 31. Rf1 Rxf1 32. Nxf1 Ra4 33. h4 Rxc4 34. hxg5
hxg5 35. Ne3 Rc5 36. Nf5 Rxd5 37. Ne7+ Kf7 38. Nxd5 Ke6 39. Nxc7+ Kd7 40. Nd5
Bf8 41. Nf6+ Ke6 42. Nh7 Be7 43. Kf2 Kf7 44. Ke3 Kg7 45. Nxg5 Bxg5+ 46. Ke4 Kf6
47. Kd5 Ke7 48. Ke4 Ke6 49. Kd3 d5 50. Kc2 Kd6 51. Kd3 Kc5 52. Kc3 Kxb5 53. Kd3
Kb4 54. Kc2 Kc4 55. Kb2 b5 56. Kc2 b6 57. Kb2 Kb4 58. Kc2 Ka3 59. Kc3 b4+ 60.
Kc2 Ka2 61. Kd3 b3 62. Kc3 b2 0-1

[Event "Championnat de la Loire - Open"]
[Site "Aurec"]
[Date "2010.01.16"]
[Round "5.15"]
[White "Choquelle, Jean"]
[Black "Schlick, Paul"]
[Result "0-1"]
[WhiteElo "1120"]
[BlackElo "1440"]
[PlyCount "98"]
[EventDate "2010.??.??"]

1. e4 e5 2. Nf3 Nc6 3. d3 Bc5 4. Nc3 Nf6 5. h3 d6 6. Qe2 h6 7. Bd2 O-O 8. Nh4
Nd4 9. Qd1 Be6 10. g3 Nh7 11. Bg2 c6 12. Be3 g5 13. Nf3 Nxf3+ 14. Qxf3 Bxe3 15.
Qxe3 f5 16. f4 fxe4 17. Qxe4 Qf6 18. O-O gxf4 19. Qf3 Ng5 20. Qh5 Qg7 21. g4
Qf6 22. Ne4 Nxe4 23. Bxe4 Bf7 24. Qf5 Qxf5 25. Bxf5 h5 26. Rf2 Kh8 27. Rh2 Rg8
28. Rf1 Raf8 29. Rg2 Bd5 30. Be4 Bxe4 31. dxe4 f3 32. Rg3 hxg4 33. hxg4 Rg7 34.
Kf2 Rf4 35. g5 Rxe4 36. g6 Rf4 37. Rh1+ Kg8 38. Rh6 e4 39. Ke3 f2 40. Rgh3 Kf8
41. Rh8+ Ke7 42. Kxf4 f1=Q+ 43. Kg5 Qg2+ 44. Kf5 Qxg6+ 45. Kf4 Rf7+ 46. Ke3
Rf3+ 47. Kd4 Qf6+ 48. Kc4 Rxh3 49. Rxh3 Qe6+ 0-1

[Event "Championnat de la Loire - Open"]
[Site "Aurec"]
[Date "2010.01.16"]
[Round "5.17"]
[White "Megnot, Philippe"]
[Black "Barrandon, Georges"]
[Result "0-1"]
[WhiteElo "1420"]
[BlackElo "1499"]
[PlyCount "50"]
[EventDate "2010.??.??"]

1. e4 e5 2. Nf3 Nc6 3. Bc4 Be7 4. c3 d6 5. h3 Nf6 6. d3 O-O 7. O-O Bd7 8. Bg5
Nh5 9. Bxe7 Qxe7 10. Nh2 Nf4 11. Qf3 Qg5 12. Qg3 Ne2+ 13. Kh1 Nxg3+ 14. fxg3
Qxg3 15. Nd2 Na5 16. Bb3 Nxb3 17. Rf3 Qg5 18. Nxb3 b6 19. Raf1 Be6 20. c4 f5
21. Nc1 fxe4 22. dxe4 Bxc4 23. b3 Bxf1 24. Rxf1 Rxf1+ 25. Nxf1 Qxc1 0-1

[Event "Championnat de la Loire - Open"]
[Site "Aurec"]
[Date "2010.01.16"]
[Round "5.18"]
[White "Laffin, Mickael"]
[Black "Marie, Michel"]
[Result "0-1"]
[WhiteElo "1130"]
[BlackElo "1499"]
[PlyCount "44"]
[EventDate "2010.??.??"]

1. e4 e5 2. Nf3 h6 3. Nxe5 Nf6 4. Nc3 c6 5. Bc4 d5 6. exd5 cxd5 7. Bb3 Be6 8.
Qf3 Bd6 9. Nd3 a6 10. Nf4 Nc6 11. Nfxd5 Nd4 12. Nxf6+ Qxf6 13. Qxb7 O-O 14. Ba4
Qe5+ 15. Kd1 Bg4+ 16. f3 Bf5 17. Re1 Qxh2 18. Nd5 Qxg2 19. Ne7+ Bxe7 20. Qxe7
Qxf3+ 21. Re2 Bg4 22. Bd7 Qh1# 0-1

[Event "Championnat de la Loire - Open"]
[Site "Aurec"]
[Date "2009.11.14"]
[Round "6.1"]
[White "Bednar, Emile"]
[Black "Buisine, Roman"]
[Result "1-0"]
[WhiteElo "1860"]
[BlackElo "1720"]
[PlyCount "51"]
[EventDate "2009.??.??"]

1. e4 e5 2. Nc3 Nf6 3. Bc4 Bc5 4. Nf3 d6 5. d3 Bg4 6. O-O Nc6 7. Be3 Nd4 8.
Bxd4 Bxd4 9. h3 Bxc3 10. hxg4 Bxb2 11. Rb1 Ba3 12. g5 Nd7 13. Rxb7 Nb6 14. Bb5+
Ke7 15. Bc6 h6 16. g6 fxg6 17. Nh4 Kf7 18. Qg4 g5 19. Qh5+ Ke6 20. Ng6 Rg8 21.
Qg4+ Kf7 22. Qf5+ Qf6 23. Rxc7+ Nd7 24. Rxd7+ Ke8 25. Re7+ Kd8 26. Qd7# 1-0

[Event "Championnat de la Loire - Open"]
[Site "Aurec"]
[Date "2009.11.14"]
[Round "6.2"]
[White "Moleins, Jean-Pierre"]
[Black "Desassis, Maxence"]
[Result "0-1"]
[WhiteElo "1620"]
[BlackElo "1750"]
[PlyCount "78"]
[EventDate "2009.??.??"]

1. d4 f5 2. e3 Nf6 3. Nc3 e6 4. Bd3 Bb4 5. Bd2 O-O 6. Nge2 b6 7. a3 Bd6 8. Nb5
Qe7 9. b4 a6 10. Nxd6 Qxd6 11. c4 Bb7 12. Nf4 c5 13. bxc5 bxc5 14. dxc5 Qc7 15.
Be2 Ne4 16. f3 Nxd2 17. Qxd2 Qxc5 18. O-O Bc6 19. Qc3 e5 20. Nd3 Qxe3+ 21. Rf2
d6 22. c5 dxc5 23. Qxe5 Qxe5 24. Nxe5 Re8 25. Nc4 Bb5 26. Nb6 Ra7 27. Bxb5 axb5
28. Nd5 b4 29. Rc1 bxa3 30. Ra2 Nd7 31. Nc3 c4 32. Nb5 Ra5 33. Nd6 Rea8 34.
Rxc4 Rb8 35. h3 Rb2 36. Rc8+ Nf8 37. Nc4 Rxa2 38. Nxa5 Rb2 39. Rc1 a2 0-1